[Event "Pfarrkirchen Rottal op 2nd"]
[Site "Pfarrkirchen"]
[Date "2018.04.01"]
[Round "4"]
[White "Burges, Florian"]
[Black "Linder, Thomas"]
[Result "1/2-1/2"]
[WhiteElo "1402"]
[BlackElo "1557"]
[PlyCount "73"]
[EventDate "2018.03.30"]
[EventType "swiss"]
[EventRounds "7"]
[EventCountry "GER"]
[SourceTitle "CBM 183 Extra"]
[Source "ChessBase"]
[SourceDate "2018.04.19"]
[SourceVersion "1"]
[SourceVersionDate "2018.04.19"]
[SourceQuality "1"]

1. d4 d5 2. c4 e6 3. Nc3 Nf6 4. cxd5 exd5 5. Bg5 c6 6. e3 Be7 7. Bd3 0-0 8. Qc2 h6 9. Bh4 Be6 10. Nf3 Nbd7 11. h3 c5 12. dxc5 Nxc5 13. Bf5 Rc8 14. Nd4 Nfe4 15. Nxe6 fxe6 16. Bxe7 Qxe7 17. Nxd5 Qh4 18. Bxe4 Nxe4 19. Ne7+ Qxe7 20. Qxe4 b6 21. 0-0 Rf6 22. Rac1 Rcf8 23. Rc2 Qf7 24. b3 Kh8 25. Qd3 Rf5 26. e4 Rf6 27. Qe2 e5 28. Rfc1 Qg6 29. Rc8 Kh7 30. Rxf8 Rxf8 31. Rc3 Rf7 32. Qc2 Qd6 33. Rd3 Qb4 34. Qd2 Qxe4 35. Re3 Qb1+ 36. Re1 Qf5 37. Qb2 1/2-1/2